Music Quiz

Random Music Quiz
Score 0/40 Timer 07:00
0 Plays Today
Artist Song % Correct
Lukas Graham7 Years
83.3%
The Chainsmokers ft. HalseyCloser
80%
Rihanna ft. DrakeWork
75%
Mike PosnerI Took a Pill in Ibiza
73.3%
Justin BieberSorry
71.7%
DNCECake By The Ocean
70%
Drake ft. Wizkid & KylaOne Dance
68.3%
Zayn Pillowtalk
68.3%
Shawn MendesStitches
66.7%
Justin BieberLove Yourself
65%
Twenty One PilotsStressed Out
65%
Fifth Harmony ft. Ty Dolla $ignWork From Home
63.3%
Calum ScottDancing on my Own
60%
Justin TimberlakeCan't Stop the Feeling
58.3%
DesiignerPanda
58.3%
Major Lazer & Justin Bieber & MøCold Water
56.7%
The Chainsmokers ft. DayaDon't Let Me Down
56.7%
SiaCheap Thrills
55%
Zara LarssonLush Life
55%
Twenty One PilotsHeathens
55%
Artist Song % Correct
Calvin Harris ft. RihannaThis Is What You Came For
53.3%
Weeknd ft. Daft PunkStarboy
53.3%
James ArthurSay You Won't Let Go
50%
DJ Snake ft. Justin BieberLet Me Love You
50%
Alan WalkerFaded
50%
Jonas Blue & DakotaFast Car
45%
gnash ft. Olivia O' Brieni hate you, i love you
45%
Shawn MendesTreat You Better
43.3%
Justin BieberWhat Do You Mean
43.3%
ColdplayHymn For The Weekend
41.7%
Shakehips ft. Tinashe & ChanceAll My Friends
41.7%
Major Lazer ft. NylaLight It Up
38.3%
Tinie Tempah ft. Zara LarssonGirls Like
38.3%
Kungs Vs Cookin' On 3 BurnersThis Girl
35%
Drake ft. RihannaToo Good
33.3%
Clean Bandit ft. Louisa JohnsonTears
31.7%
Little MixShout Out To My Ex
31.7%
Jonas Blue ft JP CopperPerfect Strangers
30%
GalantisNo Money
30%
Clean BanditRockabye
26.7%
Remove Ads.
Support Sporcle.
Get the best of Sporcle when you Go Orange. This ad-free experience offers more features, more stats, and more fun while also helping to support Sporcle. Thank you for becoming a member.

You're not logged in!

Compare scores with friends on all Sporcle quizzes.
OR
Log In

Show Comments

Extras

Created Sep 11, 2017ReportNominate
Tags:Highest Charting, UK Charts

Top Quizzes Today


Score Distribution

Your Account Isn't Verified!

In order to create a playlist on Sporcle, you need to verify the email address you used during registration. Go to your Sporcle Settings to finish the process.

Report this User

Report this user for behavior that violates our Community Guidelines.

Details: